000 00478nam a2200145Ia 4500
008 100204s9999 xx 000 0 und d
082 _b4577
100 _aभावे पुरुषोत्तम भास्कर
245 _aकुंभांड
260 _b"कॉन्टीनेंटल बुक सर्व्हिस, पुणे"
_c1958
300 _a131
630 _aकुंभांड
730 _aकुंभांड
942 _cBOOK
999 _c466418
_d466415